000 00396nam a2200121 4500
245 _aArthurian romances
_cChretien de Troyes ; translated from the French with an introduction by W.W.Comfort
100 _aTroyes, Chretien de
710 _aComfort,W.W
260 _aLondon
_bDent
_c1914 [reprinted 1968]
300 _axix, 377p.;20 cm. --
490 _aEveryman's library ; 698
082 _a843.1
_bTRO/COM
999 _c651
_d651